| Tag |
First Indicator |
Second Indicator |
Subfields |
| LEADER |
00000cam a2200000 a 4500 |
| 001 |
in00000872913 |
| 005 |
20151019132625.0 |
| 008 |
890719s1989 aluab b f00010 eng d |
| 010 |
|
|
|a gp 89016218
|
| 035 |
|
|
|a (OCoLC)20030565
|
| 035 |
|
|
|9 AEJ9074AM
|
| 040 |
|
|
|a GPO
|c GPO
|d UtOrBLW
|
| 043 |
|
|
|a n-us-ks
|
| 074 |
|
|
|a 624-B
|
| 086 |
0 |
|
|a I 19.42/4:88-4178
|
| 100 |
1 |
|
|a Huntzinger, Thomas L.
|
| 245 |
1 |
3 |
|a An experiment in representative ground-water sampling for water-quality analysis /
|c by Thoms L. Huntzinger and Lloyd E. Stullken ; prepared as part of the Toxic-Waste--Ground-Water Contamination Program, U.S. Geological Survey.
|
| 264 |
|
1 |
|a Lawrence, Kan. :
|b The Survey ;
|c 1988 [i.e. 1989]
|
| 264 |
|
2 |
|a Denver, Colo. :
|b Books and Open-File Reports [distributor],
|
| 300 |
|
|
|a iv, 12 pages :
|b illustrations, 1 map ;
|c 28 cm.
|
| 336 |
|
|
|a text
|b txt
|2 rdacontent
|
| 337 |
|
|
|a unmediated
|b n
|2 rdamedia
|
| 338 |
|
|
|a volume
|b nc
|2 rdacarrier
|
| 490 |
1 |
|
|a U.S. Geological Survey water-resources investigations report ;
|v 88-4178
|
| 500 |
|
|
|a Shipping list number: 89-410-P.
|
| 504 |
|
|
|a Bibliography: page 12.
|
| 650 |
|
0 |
|a Groundwater
|x Sampling
|z Kansas.
|
| 700 |
1 |
|
|a Stullken, Lloyd E.
|
| 710 |
2 |
|
|a Toxic Waste-Ground-Water Contamination Program (U.S.)
|
| 830 |
|
0 |
|a Water-resources investigations report ;
|v 88-4178.
|
| 999 |
|
|
|a MARS
|
| 999 |
f |
f |
|s 530b77f2-4591-3357-8ec9-5bc3fb1ef5ab
|i 559f163c-1010-32b0-96bb-5bbe37efc92e
|t 0
|
| 952 |
f |
f |
|p normal
|a Texas A&M University
|b College Station
|c Sterling C. Evans Library
|d Evans: US Documents (Annex 5th floor)
|t 0
|e I 19.42/4:88-4178
|h Superintendent of Documents classification
|i unmediated -- volume
|m A14812841817
|
| 998 |
f |
f |
|a I 19.42/4:88-4178
|t 0
|l Evans: US Documents (Annex 5th floor)
|